000 003270000a22001330004500
041 0 _aSPA
082 0 4 _aG 922 G8763m
100 1 _aGringoire, Pedro (1899-)
245 1 0 _aMartin Niemoeller : El hombre que se enfrentó a Hitler / Pedro Gringoire
260 _aMéxico : Alba
300 _a151 Pag
001 11409
942 _cBK
999 _c40722
_d40722